Staff development for the psychiatric nurse (Record no. 728)

MARC details
000 -LEADER
fixed length control field 00648nam a2200217 a 4500
005 - DATE AND TIME OF LATEST TRANSACTION
control field 20260322212031.0
008 - FIXED-LENGTH DATA ELEMENTS--GENERAL INFORMATION
fixed length control field data
020 ## - INTERNATIONAL STANDARD BOOK NUMBER
International Standard Book Number 0944132782
020 ## - INTERNATIONAL STANDARD BOOK NUMBER
International Standard Book Number 9780944132784
096 ## - LOCALLY ASSIGNED NLM-TYPE CALL NUMBER (OCLC)
Classification number WY 105 F492s 1992
001 - CONTROL NUMBER
control field data
100 1# - MAIN ENTRY--PERSONAL NAME
Personal name Finkelman, Anita Ward.
245 10 - TITLE STATEMENT
Title Staff development for the psychiatric nurse
Statement of responsibility, etc. Anita Ward Finkelman.
250 ## - EDITION STATEMENT
Edition statement 2nd ed.
260 ## - PUBLICATION, DISTRIBUTION, ETC.
Place of publication, distribution, etc. El Paso, Tex.
Name of publisher, distributor, etc. Skidmore-Roth Publishing
Date of publication, distribution, etc. c1992
300 ## - PHYSICAL DESCRIPTION
Extent [ix], 222 p. :
Other physical details forms ;
Dimensions 30 cm.
500 ## - GENERAL NOTE
General note In 3-ring binder.
500 ## - GENERAL NOTE
General note Includes bibliographical references (p. 211-222).
650 02 - SUBJECT ADDED ENTRY--TOPICAL TERM
Topical term or geographic name entry element Psychiatric Nursing
General subdivision psychology
650 02 - SUBJECT ADDED ENTRY--TOPICAL TERM
Topical term or geographic name entry element Psychiatric Nursing
Holdings
Withdrawn status Lost status Damaged status Not for loan Home library Current library Shelving location Date acquired Total checkouts Full call number Barcode Date last seen Price effective from Koha item type
        Riverside Riverside General stacks 22/03/2026   GEN BC0010745 22/03/2026 22/03/2026 Books